000 00451nam a22001817a 4500
003 OSt
005 20211013170204.0
008 211013b |||||||| |||| 00| 0 eng d
020 _a007064411-X
040 _cHAWASSA UNIVERSITY
050 _a631.4/THO
_b1
082 _24
_a631.4/THO
_b1
100 _aTHOMPSON LOUIS M.
_913451
245 _aSOILS AND SOIL FERTILITY
260 _aNEW YORK
_bLONDON
_c1978
300 _axi/518
942 _2ddc
_cBOOKS
_n0
999 _c12575
_d12575